यत्र तत्र / (Record no. 119080)

MARC details
000 -LEADER
fixed length control field 00936nam a22002537a 4500
005 - DATE AND TIME OF LATEST TRANSACTION
control field 20170124103126.0
010 ## - LIBRARY OF CONGRESS CONTROL NUMBER
LC control number A-774897
020 ## - INTERNATIONAL STANDARD BOOK NUMBER
Terms of availability 100.00
International Standard Book Number 8170561159
035 ## - SYSTEM CONTROL NUMBER
System control number A-774897
037 ## - SOURCE OF ACQUISITION
Source of stock number/acquisition Cen Lib/Ret
040 ## - CATALOGING SOURCE
Original cataloging agency DPL
Language of cataloging HN
082 ## - DEWEY DECIMAL CLASSIFICATION NUMBER
Classification number 827
Item number घोंघील
100 ## - MAIN ENTRY--PERSONAL NAME
Personal name घोंघी, लतीफ़
9 (RLIN) 83254
245 ## - TITLE STATEMENT
Title यत्र तत्र /
Statement of responsibility, etc लतीफ़ घोंघी
246 ## - VARYING FORM OF TITLE
Title proper/short title Yatr tatr
Remainder of title by Lateef Ghonghi
260 ## - PUBLICATION, DISTRIBUTION, ETC. (IMPRINT)
Place of publication, distribution, etc जयपुर
Name of publisher, distributor, etc पंचशील प्रकाशन
Date of publication, distribution, etc 1996
270 ## - ADDRESS
Address फिल्म कॉलोनी
City जयपुर
300 ## - PHYSICAL DESCRIPTION
Extent 240पृष्ठ.
Dimensions 17सेमी(सजिल्द)
650 ## - SUBJECT ADDED ENTRY--TOPICAL TERM
Topical term or geographic name as entry element हिंदी साहित्य
9 (RLIN) 83255
650 ## - SUBJECT ADDED ENTRY--TOPICAL TERM
Topical term or geographic name as entry element हिंदी कथाएं
9 (RLIN) 83256
650 ## - SUBJECT ADDED ENTRY--TOPICAL TERM
Topical term or geographic name as entry element hindi Literature
9 (RLIN) 83257
650 ## - SUBJECT ADDED ENTRY--TOPICAL TERM
Topical term or geographic name as entry element Hindi Stories
9 (RLIN) 83258
942 ## - ADDED ENTRY ELEMENTS (KOHA)
Source of classification or shelving scheme Dewey Decimal Classification
Koha item type Hindi Books
Classification part 827
Call number suffix घोंघील
Holdings
Withdrawn status Lost status Damaged status Not for loan Home library Current library Date acquired Source of acquisition Cost, normal purchase price Total Checkouts Full call number Barcode Date last seen Copy number Cost, replacement price Price effective from Koha item type
        Central Library Central Library 15/09/2015 Cen Lib/Ret 100.00   827 घोंघील A-774897 15/09/2015 1 100.00 15/09/2015 Hindi Books

© Delhi Public Library
Hit Counter
free hit counter